Health professions and the state in Europe (Registro nro. 302804)

Detalles MARC
000 -ENCABEZADO
Número de control [NR] 01029pam a2200277 a 4500
005 - FECHA Y HORA DE LA ÚLTIMA TRANSACCIÓN
control field 20180730073435.0
008 - DE LONGITUD FIJA DE DATOS DE ELEMENTOS - INFORMACIÓN GENERAL
Elementos de longitud fija [NR] 160309s1995 enkad fr 001 0 eng d
020 ## - NUMERO INTERNACIONAL NORMALIZADO PARA LIBROS [R]
Número Internacional Normalizado del libro [NR] 9780415106313
040 ## - FUENTE DE CATALOGACION [NR]
Agencia de catalogación original [NR] CO-BoUCM
Quien Cataloga Sandra Palacio
Quien Clasifica Sandra Palacio
Idioma de catalogación [NR] spa
041 0# - CODIGO DE IDIOMA [R]
Código de idioma para texto/pista de sonido o título separado [R] Inglés
060 ## - SIGNATURA TOPOGRAFICA DE LA BIBLIOTECA NACIONAL DE MEDICINA (NLM) [R]
Número clasificador [R] W 21
245 00 - MENCION DE TITULO [NR]
Título [NR] Health professions and the state in Europe
Mención de responsabilidad, etc. [NR] editado por Terry Johnson, Gerry Larkin y Mike Saks
260 ## - PUBLICACION, DISTRIBUCION, ETC. (PIE DE IMPRENTA) [R]
Lugar de publicación, distribución, etc. [R] Londres (Inglaterra)
Nombre del editor, distribuidor, etc. [R] Routledge
Fecha de publicación, distribución, etc. [R] 1995
300 ## - DESCRIPCION FISICA [R]
Extensión [R] viii, 237 páginas
Otros detalles físicos [NR] ilustraciones, tablas
504 ## - NOTA DE BIBLIOGRAFIA, ETC. [R]
Nota de bibliografía, etc. [NR] Incluye referencias bibliográficas e índices
650 #7 - ASIENTO SECUNDARIO DE MATERIA - TERMINO TEMATICO [R]
Término temático o nombre geográfico como elemento de entrada [NR] Servicios de salud
Subdivisión geográfica [R] Europa
9 (RLIN) 24305
650 #7 - ASIENTO SECUNDARIO DE MATERIA - TERMINO TEMATICO [R]
Término temático o nombre geográfico como elemento de entrada [NR] Personal de salud
Subdivisión geográfica [R] Europa
9 (RLIN) 21403
650 #7 - ASIENTO SECUNDARIO DE MATERIA - TERMINO TEMATICO [R]
Término temático o nombre geográfico como elemento de entrada [NR] Salud como profesión
Subdivisión geográfica [R] Europa
9 (RLIN) 23921
690 ## - ASUNTO AGREGADO LOCAL DE ENTRADA - TÉRMINO TEMÁTICO (OCLC, RLIN)
Acceso temático local Medicina general
9 (RLIN) 19160
650 #7 - ASIENTO SECUNDARIO DE MATERIA - TERMINO TEMATICO [R]
9 (RLIN) 7913
Término temático o nombre geográfico como elemento de entrada [NR] Personal médico
Subdivisión geográfica [R] Europa
700 1# - ASIENTO SECUNDARIO - NOMBRE PERSONAL [R]
Nombre personal [NR] Johnson, Terry
Fechas asociadas con el nombre [NR] 1934-2006
Término de relación [R] editor
9 (RLIN) 76119
700 1# - ASIENTO SECUNDARIO - NOMBRE PERSONAL [R]
Nombre personal [NR] Larkin, Gerald
Término de relación [R] editor
9 (RLIN) 76120
700 1# - ASIENTO SECUNDARIO - NOMBRE PERSONAL [R]
Nombre personal [NR] Saks, Mike
9 (RLIN) 76121
942 ## - ELEMENTOS DE ENTRADA AGREGADOS (KOHA)
Sistema de clasificación NLM
Tema principal Medicina
Tipo de ítem principal el descrito en 300a Libro de reserva
Edición 1
Clasificación W 21
Parte restante de la signatura top. H434he
Título oculto en OPAC No
Existencias
Signatura topográfica Código de barras Última vez visto Ejemplar Costo de reposición Price effective from Tipo de ítem Perdido Sistema de clasificación Dañado No prestable Tipo de ítem específico Suprimido Ubicación habitual Ubicación actual Localización Fecha de creación Proveedor Forma de adquisición Costo Fecha de último préstamo Total préstamos Total Renewals
W 21 H434he 200028984 12/12/2025 Ej.1 226514.00 08/03/2016 Libro   NLM     Libro   Quinta de Mutis Quinta de Mutis 1er piso 08/03/2016 15 Compra 226514.00      
W 21 H434he 200028985 12/12/2025 Ej.2 226514.00 08/03/2016 Libro   NLM     Libro   Quinta de Mutis Quinta de Mutis 1er piso 08/03/2016 15 Compra 226514.00 11/12/2021 4 2